000 01062nam a2200265Ia 4500
003 OSt
005 20220925235355.0
006 a|||||r|||| 00| 0
007 ta
008 220923b |||||||| |||| 00| 0 eng d
020 _a8187586214
037 _cGeneral Book
040 _aRTL
_cRTL
_beng
041 _2eng
_aeng
082 _az2, P5.3-6/RR
100 _aChattopadhyaya D P
110 _aHISTORY OF SCIENCE, PHILOSOPHY AND CULTURE IN INDIAN CIVILIZATION. Ed by D P Chattopadhyaya
_9301249
245 0 _aHistory of science, philosophy and culture in Indian civilzation. 16V. Ed by D P Chattopadhyaya
260 _a New Delhi
_bCSC
_c2005
490 _vVol.III, Pt.6 - India and China: Twenty Centuries of Civilization Interaction and Vibration. xxxiii, 546p
_aCentre for Studies in Civilization
650 _aSociology
700 _aHISTORY OF SCIENCE, PHILOSOPHY AND CULTURE IN INDIAN CIVILIZATION. Ed by D P Chattopadhyaya
_9301250
942 _hz2, P5.3-6/RR
_cGB
_2CC
999 _c597259
_d597259